| 000 | 01020cam a22003131 4500 | ||
|---|---|---|---|
| 001 | 15501 | ||
| 003 | BD-RjUL | ||
| 005 | 20211208235829.0 | ||
| 008 | 140210s1945 nyu 001 0 eng d | ||
| 035 | _a(BD-RjUL)15555 | ||
| 035 | _a(OCoLC)349283 | ||
| 040 |
_aDLC _cOClU _dOCoLC _dDLC _dBD-RjUL _beng |
||
| 041 | _aeng | ||
| 082 |
_a658.01 _bWIP 1945 |
||
| 100 | 1 |
_aWiren, Alexis Robert, _d1897- _948133 |
|
| 245 | 1 | 0 |
_aPractical management research / _c Alexis R. Wiren ... and Carl Heyel ... |
| 250 | _a1st ed. | ||
| 260 |
_aNew York ; _aLondon : _bMcGraw-Hill Book Company, inc., _cc1945. |
||
| 300 |
_ax, 222 p. : _c22 cm. |
||
| 490 | 0 | _aMcGraw-Hill industrial organization and management series | |
| 650 | 0 |
_aResearch, Industrial. _948134 |
|
| 650 | 0 |
_aIndustrial organization. _948135 |
|
| 650 | 0 |
_aIndustrial efficiency. _96102 |
|
| 650 | 0 |
_aIndustrial management. _948136 |
|
| 700 | 1 |
_aHeyel, Carl, _d1908-2000, _ejoint author. _948137 |
|
| 942 |
_2ddc _cBK |
||
| 999 |
_c15501 _d15501 |
||